|
|
|
|
| LEADER |
00822cam a2200217 7i4500 |
| 001 |
0000078020 |
| 005 |
20140610090000.0 |
| 008 |
091224s2007 uk 0 eng |
| 020 |
# |
0 |
|a 1843769654 (hbk)
|
| 020 |
# |
0 |
|a 9781843769651
|
| 090 |
0 |
0 |
|a HC 79 .T4
|b I5 2007
|
| 245 |
0 |
0 |
|a Innovation and economic development
|c edited by Lynn K. Mytelka.
|
| 260 |
# |
# |
|a Cheltenham:
|b Edward Elgar,
|c 2007.
|
| 300 |
# |
# |
|a xxv, 587p.:
|b ill.;
|c 25cm..
|
| 490 |
0 |
0 |
|a The international library of critical writings in economics;
|v no.213
|
| 504 |
0 |
0 |
|a Includes bibliographical references and index.
|
| 590 |
# |
# |
|a Pusat Pengajian Pembangunan Sosial dan Ekonomi
|
| 650 |
0 |
0 |
|a Economic development
|
| 650 |
0 |
0 |
|a Technological innovations --
|x Economic aspects
|
| 700 |
1 |
1 |
|a Mytelka, Lynn K.
|
| 999 |
|
|
|a 1100070990
|b Book
|c Open Shelf
|e KOLEKSI TERBUKA
|